Remote sensing geology (Record no. 20108)
[ view plain ]
| 000 -LEADER | |
|---|---|
| fixed length control field | 00527nam a2200205 a 4500 |
| 001 - CONTROL NUMBER | |
| control field | 157800 |
| 003 - CONTROL NUMBER IDENTIFIER | |
| control field | OSt |
| 005 - DATE AND TIME OF LATEST TRANSACTION | |
| control field | 20211231114611.0 |
| 008 - FIXED-LENGTH DATA ELEMENTS--GENERAL INFORMATION | |
| fixed length control field | 200626 ### ENG |
| 020 ## - INTERNATIONAL STANDARD BOOK NUMBER | |
| International Standard Book Number | 9783662558744 |
| 082 ## - DEWEY DECIMAL CLASSIFICATION NUMBER | |
| Classification number | 551.0285 |
| Item number | G95R |
| 100 ## - MAIN ENTRY--PERSONAL NAME | |
| Personal name | Gupta, Ravi P |
| 245 ## - TITLE STATEMENT | |
| Title | Remote sensing geology |
| Statement of responsibility, etc | by Ravi P Gupta |
| 250 ## - EDITION STATEMENT | |
| Edition statement | 3rd ed. |
| 260 ## - PUBLICATION, DISTRIBUTION, ETC. (IMPRINT) | |
| Place of publication, distribution, etc | Germany |
| Name of publisher, distributor, etc | Springer Verlag |
| Date of publication, distribution, etc | 2018 |
| 300 ## - PHYSICAL DESCRIPTION | |
| Extent | xxiii, 428p. |
| 653 ## - INDEX TERM--UNCONTROLLED | |
| Uncontrolled term | Geology--Remote sensing |
| 653 ## - INDEX TERM--UNCONTROLLED | |
| Uncontrolled term | Mines and mineral resources |
| 942 ## - ADDED ENTRY ELEMENTS (KOHA) | |
| Source of classification or shelving scheme | Dewey Decimal Classification |
| Koha item type | Books |
| Withdrawn status | Lost status | Source of classification or shelving scheme | Damaged status | Not for loan | Collection code | Home library | Current library | Date acquired | Source of acquisition | Total Checkouts | Full call number | Barcode | Date last seen | Date checked out | Price effective from | Koha item type |
|---|---|---|---|---|---|---|---|---|---|---|---|---|---|---|---|---|
| Dewey Decimal Classification | General Text Book | Central University Of Rajasthan | Central University Of Rajasthan | 26/06/2020 | EVS | 1 | 551.0285 G95R | 33944 | 07/04/2022 | 24/03/2022 | 02/09/2020 | Books |
